Biblioteca española económico-política
שמור ב:
| מחבר ראשי: | |
|---|---|
| פורמט: | ספר |
| שפה: | ספרדית |
| יצא לאור: |
Madrid
Imprenta Sancha
1801
|
| מהדורה: | 1a. ed |
| נושאים: | |
| תגים: |
הוספת תג
אין תגיות, היה/י הראשונ/ה לתייג את הרשומה!
|
MARC
| LEADER | 00000cam a2200000 a 4500 | ||
|---|---|---|---|
| 001 | UCD3269 | ||
| 003 | CL-VaPUC | ||
| 008 | 160603e18010000sp |||||||||||||||||spa|d | ||
| 082 | 0 | 4 | |a 330.946 |b SEM |2 21 |
| 100 | 0 | |a Sempere y Guarinos, Juan |e author |9 586673 | |
| 245 | 1 | 0 | |a Biblioteca española económico-política |
| 250 | |a 1a. ed | ||
| 300 | |a t | ||
| 942 | |c BK | ||
| 945 | |d 20160603 11:42:00 |a dcastane | ||
| 260 | |a Madrid |b Imprenta Sancha |c 1801 | ||
| 650 | 0 | |a Economía |9 255568 | |
| 650 | 7 | |a ECONOMIA ESPAÑOLA |2 CL-VaPUC |9 314036 | |
| 650 | 7 | |a ECONOMIA Y SOCIEDAD |2 CL-VaPUC |9 441513 | |
| 583 | |a last modification |c 20160603 11:42:00 |k Rodrigo Vera | ||
| 999 | |c 364305 |d 364303 | ||
| 952 | |0 0 |1 0 |3 erd |4 0 |6 330_946000000000000_SEM_1801 |7 0 |8 X |9 477329 |a BIBTEO |b BIBTEO |c TEO_FFR |h t.1 |i 5232570 |o 330.946 SEM 1801 |p 5232570 |r 2024-01-18 |w 2019-11-24 |y BK_X |z Catalogado en:20160603 |k OFM | ||
| 952 | |0 0 |1 0 |3 erd |4 0 |6 330_946000000000000_SEM_1801 |7 0 |8 X |9 477330 |a BIBTEO |b BIBTEO |c TEO_FFR |h t.2 |i 5232600 |o 330.946 SEM 1801 |p 5232600 |r 2024-01-18 |w 2019-11-24 |y BK_X |z Catalogado en:20160603 |k OFM | ||
| 952 | |0 0 |1 0 |3 erd |4 0 |6 330_946000000000000_SEM_1801 |7 0 |8 X |9 477331 |a BIBTEO |b BIBTEO |c TEO_FFR |h t.3 |i 5232597 |o 330.946 SEM 1801 |p 5232597 |r 2024-01-18 |w 2019-11-24 |y BK_X |z Catalogado en:20160603 |k OFM | ||
| 952 | |0 0 |1 0 |3 erd |4 0 |6 330_946000000000000_SEM_1801 |7 0 |8 X |9 477332 |a BIBTEO |b BIBTEO |c TEO_FFR |h t.4 |i 5232589 |o 330.946 SEM 1801 |p 5232589 |r 2024-01-18 |w 2019-11-24 |y BK_X |z Catalogado en:20160603 |k OFM | ||